[Event "Cesme op-A 10th"]
[Site "Cesme"]
[Date "2024.06.23"]
[Round "1"]
[White "Baylav, Can"]
[Black "Durak, Can"]
[Result "0-1"]
[WhiteElo "2119"]
[BlackElo "2444"]
[PlyCount "88"]
[EventDate "2024.06.23"]
[EventType "swiss"]
[EventRounds "9"]
[EventCountry "TUR"]
[SourceTitle "CBM 220 Extra"]
[Source "ChessBase"]
[SourceDate "2024.07.31"]
[SourceVersion "1"]
[SourceVersionDate "2024.07.31"]
[SourceQuality "1"]

1. e4 c5 2. Nf3 d6 3. d4 cxd4 4. Nxd4 Nf6 5. Nc3 Nc6 6. Bg5 e6 7. Qd2 a6 8. Nxc6 bxc6 9. 0-0-0 Be7 10. Bxf6 gxf6 11. Bc4 Qa5 12. Bb3 h5 13. f4 Rb8 14. Kb1 Kf8 15. Rhf1 Bd7 16. f5 exf5 17. exf5 d5 18. Qd4 Qb6 19. Qh4 Qc7 20. g3 Rb4 21. Rd4 Qb6 22. Rxb4 Qxb4 23. Rf4 Qb6 24. a3 Rh6 25. Qh3 Qe3 26. Qf1 Bd6 27. Nd1 Qd2 28. Rf2 Qa5 29. Qe2 Qb6 30. g4 hxg4 31. Qxg4 Rxh2 32. Rf1 Be5 33. Rg1 Ke7 34. Re1 Kf8 35. Rg1 Qd4 36. Qg7+ Ke7 37. Nc3 Bxf5 38. Rd1 Rd2 39. Rf1 Bg6 40. Qh8 Qb6 41. Kc1 Rg2 42. Qh1 Qe3+ 43. Kb1 Rh2 44. Qxd5 Qxc3 0-1

[Event "TUR Cup"]
[Site "Antalya"]
[Date "2020.01.29"]
[Round "6"]
[White "Baylav, Can"]
[Black "Zekeriyaoglu, Ersen"]
[Result "1-0"]
[WhiteElo "2176"]
[BlackElo "1799"]
[PlyCount "68"]
[EventDate "2020.01.26"]
[EventType "swiss"]
[EventRounds "11"]
[EventCountry "TUR"]
[SourceTitle "CBM 194 Extra"]
[Source "ChessBase"]
[SourceDate "2020.03.31"]
[SourceVersion "1"]
[SourceVersionDate "2020.03.31"]
[SourceQuality "1"]

1. Nf3 d5 2. g3 Nf6 3. Bg2 c5 4. b3 Nc6 5. Bb2 d4 6. e3 e5 7. exd4 e4 8. Ng5 Bg4 9. f3 exf3 10. Bxf3 Nxd4 11. Bxg4 Nxg4 12. Qxg4 Nxc2+ 13. Kf2 Be7 14. Qe4 Nxa1 15. Bxa1 Kf8 16. Nf3 Bf6 17. Bxf6 Qxf6 18. Qxb7 Rd8 19. Qxa7 Qf5 20. Re1 g6 21. Qe7+ Kg7 22. Qe5+ Qxe5 23. Rxe5 Rc8 24. Nc3 Rhe8 25. Rxe8 Rxe8 26. Nb5 Rb8 27. Ke3 Kf6 28. d4 Ke6 29. a4 Kd5 30. Nc3+ Kc6 31. Ne5+ Kd6 32. Ne4+ Kd5 33. Nxc5 Rb4 34. Nc4 f5 1-0